书目信息 |
| 题名: |
土壤学实验实习指导书
|
|
| 作者: | 袁军 主编 | |
| 分册: | ||
| 出版信息: | 北京 中国林业出版社 2020.10 |
|
| 页数: | 119页 | |
| 开本: | 26cm | |
| 丛书名: | ||
| 单 册: | ||
| 中图分类: | S15 | |
| 科图分类: | ||
| 主题词: | 土壤学--实验--高等教育--教材 | |
| 电子资源: | ||
| ISBN: | 978-7-5219-0825-1 | |
| 000 | 01038nam0 2200265 45 | |
| 001 | 012001000122 | |
| 005 | 20140910151555.0 | |
| 010 | @a978-7-5219-0825-1@dCNY26.00 | |
| 100 | @a20210518d2020 em y0chiy50 ea | |
| 101 | 0 | @achi |
| 102 | @aCN@b110000 | |
| 105 | @ay z 000yy | |
| 106 | @ar | |
| 200 | 1 | @a土壤学实验实习指导书@Atu rang xue shi yan shi xi zhi dao shu@b专著@f袁军主编 |
| 210 | @a北京@c中国林业出版社@d2020.10 | |
| 215 | @a119页@d26cm | |
| 300 | @a国家林业和草原局普通高等教育“十三五”规划教材 | |
| 300 | @a并列题名:Experiment and practice instruction of soil science | |
| 330 | @a本书分为土壤学实验基础知识、土壤学实验、土壤学实习三篇,具体内容包括:实验室用水,常用器皿与使用方法,主要仪器及原理,土壤实验室注意事项,主要造岩矿物的观察鉴定,主要成土岩石的观察鉴定等。 | |
| 510 | 1 | @aExperiment and practice instruction of soil science@zeng |
| 606 | 0 | @a土壤学@x实验@x高等教育@j教材 |
| 690 | @aS15@v5 | |
| 701 | 0 | @a袁军@Ayuan jun@4主编 |
| 801 | 0 | @aCN@bBJSDL@c20211011 |
| 905 | @b1330460-3@dS15@e142@f4 | |
| 土壤学实验实习指导书/袁军主编.-北京:中国林业出版社,2020.10 |
| 119页;26cm |
| 国家林业和草原局普通高等教育“十三五”规划教材.-并列题名:Experiment and practice instruction of soil science |
| ISBN 978-7-5219-0825-1:CNY26.00 |
| 本书分为土壤学实验基础知识、土壤学实验、土壤学实习三篇,具体内容包括:实验室用水,常用器皿与使用方法,主要仪器及原理,土壤实验室注意事项,主要造岩矿物的观察鉴定,主要成土岩石的观察鉴定等。 |
| ● |
| 相关链接 |
|
|
|
|
正题名:土壤学实验实习指导书
索取号:S15/142
 
预约/预借
| 序号 | 登录号 | 条形码 | 馆藏地/架位号 | 状态 | 备注 |
| 1 | 1330460 | 213304609 | 第二样本阅览室/ [索取号:S15/142] | 在馆 | |
| 2 | 1330461 | 213304618 | 第三借阅区/ [索取号:S15/142] |
已借出,限还日期为2026.06.15 借出人:李一丹 |
|
| 3 | 1330462 | 213304627 | 第三借阅区/ [索取号:S15/142] | 在馆 | |
| 4 | 1330463 | 213304636 | 第三借阅区/ [索取号:S15/142] | 在馆 |